| 000 | 00529nam a2200169 a 4500 | ||
|---|---|---|---|
| 001 | 000029564 | ||
| 005 | 20200930055635.0 | ||
| 008 | 110418s1999 dr 000 0 spa d | ||
| 020 | _a8495188031 | ||
| 040 |
_aDO-SdBNP _bspa _cBNPHU |
||
| 245 | 0 | 0 |
_aEducación y participación : _bcamino a la democracia / _cilustración Rubén Peña Rosario. |
| 250 | _a2a ed. | ||
| 260 |
_aSanto Domingo : _bCentro Cultural Proveda, _c1999. |
||
| 300 |
_a18 p. : _bil. ; _c28 cm. |
||
| 700 | 1 |
_aPeña Rosario, Rubén _eil. _956397 |
|
| 049 | _aBNPD | ||
| 999 |
_c29056 _d29056 |
||